| 000 | 00543nam a2200217Ia 4500 | ||
|---|---|---|---|
| 003 | OSt | ||
| 005 | 20220924135001.0 | ||
| 006 | a|||||r|||| 00| 0 | ||
| 007 | ta | ||
| 008 | 220923b |||||||| |||| 00| 0 ben d | ||
| 024 | _a288120 | ||
| 037 | _cTextual | ||
| 040 |
_aARTS _cARTS _bben |
||
| 041 |
_2ben _aben |
||
| 082 | _aN5wM81, 157K9 | ||
| 100 |
_aGangopadhaya _9207872 |
||
| 245 | 0 | _aBharater shilpa o amar katha | |
| 260 | _c1969 | ||
| 942 |
_hN5wM81, 157K9 _cTEXL _2CC |
||
| 999 |
_c439327 _d439327 |
||